000 00865nam a2200277 a 4500
001 36893
003 BD-RjUL
005 20211209052544.0
008 140922s1995 enk 001 0 eng d
020 _a0521383803 (hardback)
020 _a0521498554 (lowprice ed.)
035 _aCURL 018983052570(Cam) from agbc289
040 _aBD-RjUL
_beng
_cBD-RjUL
041 _aeng
082 _a574
_bGRB 1995
100 1 _aGreen, N. P. O.
_q(Nigel P. O.)
_9112609
245 1 0 _aBiological science /
_cN.P.O.Green, G.W.Stout, D.J.Taylor ; editor, R.Soper
250 _a2nd ed
260 _aCambridge :
_bCambridge University Press,
_c1995
300 _axv, 972 p :
_bill. ;
_c29 cm.
650 0 _aBiology
_9112610
700 1 _aStout, G. W.
_q(G Wilf)
_9112611
700 1 _aTaylor, Dennis
_9112612
700 1 _aSoper, R.
_q(Roland),
_d1921-
_9112613
942 _2ddc
_cBK
999 _c36893
_d36893